|
|
|
|
| LEADER |
00000nab a2200000 a 4500 |
| 001 |
vtls000547148 |
| 003 |
SK-MaSNL |
| 005 |
20260304090336.0 |
| 008 |
250425c1995 xo 0 slo |
| 015 |
|
|
|a SNBRB19rr/mm-uuuuu
|
| 035 |
|
|
|a CL0547286
|
| 035 |
|
|
|a urn:nbn:sk:snk-abe03
|
| 035 |
|
|
|a (urnnbn)urn:nbn:sk:snk:ar-a04yvl
|
| 035 |
|
|
|a (uuid)94e0c613-ad4e-47ac-b288-ef12b5738426
|
| 040 |
|
|
|a SNKBUCL
|b slo
|c SNKBUCL
|e AACR2
|
| 041 |
0 |
|
|a slo
|
| 044 |
|
|
|a xo
|c SK
|
| 080 |
|
|
|a 372.882:05:82
|2 1981
|
| 080 |
|
|
|a 05:82
|2 1981
|
| 080 |
|
|
|a 371.671
|2 1981
|
| 100 |
1 |
|
|a Žemberová, Viera,
|d 1948-
|4 aut
|9 99575
|
| 245 |
1 |
0 |
|a Literárny časopis a literárna výchova
|c Viera Žemberová
|
| 650 |
0 |
7 |
|a jazyk slovenský a literatúra
|2 snkbucl
|9 966099
|
| 650 |
0 |
7 |
|a literárne časopisy
|2 snkbucl
|9 58409
|
| 655 |
|
7 |
|a články z novín a časopisov
|2 snkbucl
|9 267496
|
| 773 |
0 |
|
|t Slovenský jazyk a literatúra v škole
|g Roč. 41, č. 5-6 (1994/1995), s. 146-147
|
| 850 |
|
|
|a Slovenská národná knižnica
|
| 852 |
|
|
|a Slovenská národná knižnica
|
| 954 |
|
|
|a odborná, vedecká literatúra pôvodná (slovenská)
|2 lita
|
| 958 |
|
|
|a article27
|
| 958 |
|
|
|a RK
|
| 958 |
|
|
|a OND
|
| 958 |
|
|
|a EUIPO
|
| 992 |
|
|
|a RBX
|
| 999 |
|
|
|c 2811158
|d 2813088
|